000 01512nam a2200457 i 4500
001 44433
003 KOSZ 005
005 20210611131749.0
008 031105s2003 pl |000 0 pol
015 _aPB 2003/20850
020 _a8372471339
040 _aWA N
_cWA N
_dKOSZ 005/HR
041 0 _apol
046 _k2003
080 _a347.2(438)
080 _a332.7(438)
080 _a349.444(438)
100 1 _aTertelis, Maciej
_eAutor
245 1 0 _aUmowa o zarządzanie nieruchomością :
_busprawnienie zarządzania, nieruchomości komunalne, wspólnoty mieszkaniowe, wzory umów /
_cMaciej Tertelis.
260 _aWarszawa :
_bC. H. Beck,
_c2003.
300 _aXIX, [1], 450 s. ;
_c22 cm. +
_eCD-ROM.
336 _2rdacontent
_aTekst
_btxt
337 _2rdamedia
_aBez urządzenia pośredniczącego
_bn
338 _2rdacarrier
_aWolumin
_bnc
380 _aKsiążki
388 _a2001-
490 1 _aNieruchomości.
504 _aBibliogr.
648 7 _a2001-
650 7 _aNieruchomości
650 7 _aPrawo
650 7 _aZarządzanie nieruchomościami
650 7 _aWspólnota mieszkaniowa
651 7 _aPolska
655 7 _aWzory umów
658 _aPrawo i wymiar sprawiedliwości
710 2 _aWydawnictwo C.H. Beck
_4pbl.
830 0 _aNieruchomości (C. H. Beck)
856 _uhttp://koha.tu.koszalin.pl/cgi-bin/koha/opac-detail.pl?biblionumber=44433
_yKatalog online BPK
942 _2UKD
_cKS
999 _c44433
_d44433